00316nam a2200121Ia 4500008004100000041000800041082001600049100001000065245005600075260002700131300001900158999001700177241015s9999 xx 000 0 und d aeng a658.155 GHO aGhosh aEnd Users' Guide To Risk Management And Derivatives bWiley IndiaaUSAc2020 a415;. P. 23 cm c41853d41853